|
|
|
|
| LEADER |
03257nam a22005895i 4500 |
| 001 |
978-3-642-25929-6 |
| 003 |
DE-He213 |
| 005 |
20170121043247.0 |
| 007 |
cr nn 008mamaa |
| 008 |
120127s2012 gw | s |||| 0|eng d |
| 020 |
|
|
|a 9783642259296
|9 978-3-642-25929-6
|
| 024 |
7 |
|
|a 10.1007/978-3-642-25929-6
|2 doi
|
| 040 |
|
|
|d GrThAP
|
| 050 |
|
4 |
|a TK5105.5-5105.9
|
| 072 |
|
7 |
|a UKN
|2 bicssc
|
| 072 |
|
7 |
|a COM075000
|2 bisacsh
|
| 082 |
0 |
4 |
|a 004.6
|2 23
|
| 245 |
1 |
0 |
|a Mathematical and Engineering Methods in Computer Science
|h [electronic resource] :
|b 7th International Doctoral Workshop, MEMICS 2011, Lednice, Czech Republic, October 14-16, 2011, Revised Selected Papers /
|c edited by Zdeněk Kotásek, Jan Bouda, Ivana Černá, Lukáš Sekanina, Tomáš Vojnar, David Antoš.
|
| 264 |
|
1 |
|a Berlin, Heidelberg :
|b Springer Berlin Heidelberg :
|b Imprint: Springer,
|c 2012.
|
| 300 |
|
|
|a XII, 215 p. 53 illus.
|b online resource.
|
| 336 |
|
|
|a text
|b txt
|2 rdacontent
|
| 337 |
|
|
|a computer
|b c
|2 rdamedia
|
| 338 |
|
|
|a online resource
|b cr
|2 rdacarrier
|
| 347 |
|
|
|a text file
|b PDF
|2 rda
|
| 490 |
1 |
|
|a Lecture Notes in Computer Science,
|x 0302-9743 ;
|v 7119
|
| 520 |
|
|
|a This volume constitutes the thoroughly refereed post-conference proceedings of the 7th International Doctoral Workshop on Mathmatical and Engineering Methods in Computer Science, MEMICS 2011, held in Lednice, Czech Republic, on October 14-16, 2011. The 13 revised full papers presented together with 6 invited talks were carefully reviewed and selected from 38 submissions. The papers address all current issues of mathematical and engineering methods in computer science, especially: software and hardware dependability, computer security, computer-aided analysis and verification, testing and diagnostics, simulation, parallel and distributed computing, grid computing, computer networks, modern hardware and its design, non-traditional computing architectures, software engineering, computational intelligence, quantum information processing, computer graphics and multimedia, signal, text, speech, and image processing, and theoretical computer science.
|
| 650 |
|
0 |
|a Computer science.
|
| 650 |
|
0 |
|a Computer communication systems.
|
| 650 |
|
0 |
|a Software engineering.
|
| 650 |
|
0 |
|a Algorithms.
|
| 650 |
|
0 |
|a Computer logic.
|
| 650 |
|
0 |
|a Management information systems.
|
| 650 |
1 |
4 |
|a Computer Science.
|
| 650 |
2 |
4 |
|a Computer Communication Networks.
|
| 650 |
2 |
4 |
|a Algorithm Analysis and Problem Complexity.
|
| 650 |
2 |
4 |
|a Software Engineering.
|
| 650 |
2 |
4 |
|a Management of Computing and Information Systems.
|
| 650 |
2 |
4 |
|a Logics and Meanings of Programs.
|
| 700 |
1 |
|
|a Kotásek, Zdeněk.
|e editor.
|
| 700 |
1 |
|
|a Bouda, Jan.
|e editor.
|
| 700 |
1 |
|
|a Černá, Ivana.
|e editor.
|
| 700 |
1 |
|
|a Sekanina, Lukáš.
|e editor.
|
| 700 |
1 |
|
|a Vojnar, Tomáš.
|e editor.
|
| 700 |
1 |
|
|a Antoš, David.
|e editor.
|
| 710 |
2 |
|
|a SpringerLink (Online service)
|
| 773 |
0 |
|
|t Springer eBooks
|
| 776 |
0 |
8 |
|i Printed edition:
|z 9783642259289
|
| 830 |
|
0 |
|a Lecture Notes in Computer Science,
|x 0302-9743 ;
|v 7119
|
| 856 |
4 |
0 |
|u http://dx.doi.org/10.1007/978-3-642-25929-6
|z Full Text via HEAL-Link
|
| 912 |
|
|
|a ZDB-2-SCS
|
| 912 |
|
|
|a ZDB-2-LNC
|
| 950 |
|
|
|a Computer Science (Springer-11645)
|